| 000 | 00352nam a2200145Ia 4500 | ||
|---|---|---|---|
| 005 | 20251222144705.0 | ||
| 008 | 251222s9999||||xx |||||||||||||| ||spa|| | ||
| 020 | _a84-368-2032-0 | ||
| 082 | _a021/L88 | ||
| 100 | _aLópez Yepes, José | ||
| 245 | 0 | _aManual de ciencias de la documentación | |
| 250 | _a2a.ed. | ||
| 264 | _bPirámide | ||
| 942 | _cLIB | ||
| 999 |
_c17607 _d17607 |
||